Регионална библиотека "Любен Каравелов" - Русе

Аз ще те излекувам, каза Мечо (Запис номер 40520)

MARC детайли
000 -Лидер
Контролно поле с фиксирана дължина 01497nam a2200349 c 4500
003 - Код на организацията, давaща контролен номер
Контролно поле BLK
005 - Дата и час на последна редакция
Контролно поле 20230802094341.0
008 - Елементи от данни с фиксирана дължина
fixed length control field 180408b bul|||||r ||||||| ||bul||
010 ## - Наследен системен номер
LC control number KNG00043969000
020 ## - Международен стандартен номер на книга ISBN
Международен стандартен номер на книга ISBN 954-8442-01-9
-- издат.: Вирга
020 ## - Международен стандартен номер на книга ISBN
Международен стандартен номер на книга ISBN 954-8442019
-- издат.: Вирга - (грешен)
040 ## - Източник на каталожния запис
Идентификатор на билиотеката - собственик на записа BLK
041 ## - Код за език
Код за езика на текст/звукозапис или на отделно заглавие Български
Код за езика КДБФ Български
080 ## - УДК
Текстов определител УДК Немска литература
УДК код - определител по УДК 821.112.2
УДК определител -93-34
УДК - код + определител 821.112.2-93-34
100 1# - Редна дума - Автор
Автор Янош
Авторска отговорност първи автор
Автор - информация (биография) Екерт, Хорст
R(LIN) 277248
139 ## - Редно поле
Редна дума Янош
Авторски знак Янош - Я 65
245 10 - Сведения за заглавието
Заглавие Аз ще те излекувам, каза Мечо
Подзаглавни данни Приказка
Редно поле (дума) Янош; ил. Янош; * Хорст Екерт; прев. от нем. Боряна Александрова.
257 ## - Страна на издаване
Страна на създаване/издаване Германия
260 ## - Област на издателските данни
-- София
Име на издателя, разпространителя и проч. Вирга
Година на издаване 1993
Печатница София : Балкан прес
300 ## - Физическа характеристика
Страници 48 с.
Илюстрации и др. с цв. ил.
Размери/Мащаб 24 см
380 ## - Жанр
Жанр Детска худож. лит.
500 ## - Общи забележки
Забележка Ориг. загл. Ich mach gesund, sagte der Bar / Janosch. - Янош - псевд. на Хорст Екерт. - 15 350 тир.
700 1# - Други автори (авторска отговорност)
Лично име Янош
Автороска отговорност (Описва отношението между автора и произведението) ил.
Друга информация Екерт, Хорст
9 (RLIN) 367592
700 1# - Други автори (авторска отговорност)
Лично име Екерт, Хорст
Автороска отговорност (Описва отношението между автора и произведението) *
9 (RLIN) 277249
700 ## - Други автори (авторска отговорност)
Лично име Александрова, Броряна Балева
Дати, свързани с автора 1976-
9 (RLIN) 341710
852 ## - Местоположение
Форматна сигнатура Цб 268966
856 4# - Електронен адрес и достъп
Електронен формат pdf - файл
Път до файла /url/
856 4# - Електронен адрес и достъп
Електронен формат pdf - файл
Път до файла /url/
942 ## - АРТИКУЛИ
Вид на библиотечния материал Книги
Скрит в OPAC Не
Koha issues (borrowed), all copies 1
944 ## - СЪЗДАВАНЕ И РЕДАКЦИЯ на ЗАПИСА
Създаване/Редакция Създаване
Дата на регистрацията/редакция 26.05.2014
Статус, дата на статуса Теодора Пейчева-Дянкова
Служител, извършил регистрацията/редакцията 30556
944 ## - СЪЗДАВАНЕ И РЕДАКЦИЯ на ЗАПИСА
Създаване/Редакция Редакция
Дата на регистрацията/редакция 26.05.2014
Статус, дата на статуса ф /
Служител, извършил регистрацията/редакцията
999 ## - СИСТЕМНИ КОНТРОЛНИ НОМЕРА
Koha biblionumber 40520
Koha biblioitemnumber 40520
Наличности
Код за отписване Код за изгубен артикул Код за повреда Коз за рестрикции Код за отдаване Артикулен № Име на библиотеката - собственик Име на библиотеката, в която се намира в момента Статус (Текущо местоположение) Дата на вписване в системата Местоположение - отдел Цена в лева Инвентарен номер Систематично азбучна сигнатура Баркод Номер на екземпляра Цена в евро Служебна бележка Служебен тип на артикула Източник на класификационната схема
  Не е изгубен Не е повреден без рестрикции ползва се в читалня 63401 Регионална библиотека "Любен Каравелов" Русе Регионална библиотека "Любен Каравелов" Русе Хранилище 1993-01-01 Хранилище 0.70 584120 Цб 268966 584120 1 0.36 Дост: Dp Вид: Д N: стар фонд Дата: 01.01.1993 Книги  
Изтеглен Не е изгубен Не е повреден без рестрикции заемане за дома 63402 Регионална библиотека "Любен Каравелов" Русе Регионална библиотека "Любен Каравелов" Русе Детски отдел 1993-01-01 Детски отдел 1.60 645749 ДХ 820/899/Я 65 645749 2 0.82 N: стар фонд Дата: 01.01.1993 Дата инв: 04.09.2015 Бележки инв: Д2015 Книги Universal Decimal Classification
Vip Innovations Ltd, Rousse, Bulgaria 2025